| 000 | 00319cam a22001217a 4500 | ||
|---|---|---|---|
| 008 | 180718b1948 xxu||||| |||| 00| 0 eng d | ||
| 082 | _aN4x42 M875 | ||
| 100 | _aMoylan , John | ||
| 245 |
_athe police of Britain _cby John Moylan |
||
| 260 |
_aLondon _bLongmans _c1948 |
||
| 300 | _a43p. | ||
| 650 | _aPolice --Great Britain | ||
| 999 |
_c441787 _d441787 |
||